WestJet Destinations - Statistics

General Stats
  • This quiz has been taken 30 times
  • The average score is 69 of 123
Answer Stats
Country Destination % Correct
Canada Montréal
94%
Aruba Aruba
89%
Belize Belize City
89%
Canada Calgary
89%
Mexico Cancún
89%
Curaçao Curaçao
89%
Canada Edmonton
89%
Mexico Mexico City
89%
United States New York
89%
Canada Ottawa
89%
Antigua & Barbuda | Canada St. John's
89%
Canada Toronto
89%
Canada Vancouver
89%
Netherlands Amsterdam
83%
United States Austin
83%
Spain Barcelona
83%
Bonaire Bonaire
83%
Barbados Bridgetown
83%
United States Chicago
83%
Canada Halifax
83%
Jamaica Kingston
83%
Canada | United Kingdom London
83%
Bahamas Nassau
83%
France Paris
83%
Dominican Republic Punta Cana
83%
Italy Rome
83%
United States Atlanta
78%
United States Boston
78%
United States Denver
78%
United States Detroit
78%
United States Houston
78%
United States Los Angeles
78%
Jamaica Montego Bay
78%
Canada Québec City
78%
Iceland Reykjavík
78%
Puerto Rico San Juan
78%
United States Seattle/Tacoma
78%
Japan Tokyo
78%
United States Washington
78%
Ireland Dublin
72%
United Kingdom Edinburgh
72%
United States Honolulu
72%
United States Las Vegas
72%
United States Orlando
72%
St. Lucia Saint Lucia
72%
United States San Diego
72%
United States San Francisco
72%
United States Anchorage
67%
United States Nashville
67%
United States Phoenix
67%
United States Portland
67%
Mexico Puerto Vallarta
67%
Canada Regina
67%
United States Salt Lake City
67%
South Korea Seoul
67%
Sint Maarten Sint Maarten
67%
United States Tampa
67%
Canada Yellowknife
67%
Cayman Islands Grand Cayman
61%
Grenada Grenada
61%
Canada Hamilton
61%
Turks & Caicos Providenciales
61%
Mexico San José del Cabo
61%
Canada Saskatoon
61%
Canada Winnipeg
61%
United States Minneapolis
56%
United States Raleigh/Durham
56%
Canada Thunder Bay
56%
Canada Abbotsford
50%
Mexico Cozumel
50%
United States Fort Lauderdale
50%
Canada Fredericton
50%
Bahamas Freeport
50%
Canada Kelowna
50%
Costa Rica Liberia
50%
Mexico Tulum
50%
Canada Whitehorse
50%
United States Fort Myers
44%
Canada Moncton
44%
Mexico Mérida
39%
Dominican Republic Puerto Plata
39%
Canada Sudbury
39%
Cuba Cayo Coco
33%
Cuba Cienfuegos
33%
Mexico Ixtapa/Zihuatanejo
33%
Canada Kamloops
33%
Canada Kitchener
33%
Dominican Republic La Romana
33%
Canada Nanaimo
33%
Canada Prince George
33%
Honduras Roatan
33%
Canada Sydney
33%
Cuba Varadero
33%
Canada Windsor
33%
Canada Fort McMurray
28%
United States Kahului
28%
United States Kailua-Kona
28%
United States Lihue
28%
Mexico Mazatlán
28%
United States Santa Ana
28%
Cuba Santa Clara
28%
Canada Comox
22%
Cuba Holguín
22%
Mexico Loreto
22%
United States Palm Springs
22%
Canada Brandon
17%
Canada Cranbrook
17%
Canada Deer Lake
17%
Canada Gander
17%
Mexico Huatulco
17%
Canada Lethbridge
17%
Mexico Manzanillo
17%
Canada Medicine Hat
17%
Canada Terrace
17%
Canada Charlottestown
11%
Canada Grande Prairie
11%
Canada Penticton
11%
Canada Saguenay
11%
Dominican Republic Samana
11%
Cuba Cayo Largo del Sur
6%
Canada Fort St. John
6%
No matching quizzes found
Score Distribution
Percent of People with Each Score
Percentile by Number Answered
Your Score History
You have not taken this quiz